<?xml version="1.0" encoding="UTF-8"?>
<collection xmlns="http://www.loc.gov/MARC21/slim">
 <record>
  <leader>08299nas a2201285   4500</leader>
  <controlfield tag="001">1/50088</controlfield>
  <controlfield tag="008">930920s19--9999gr anzp       0   g0gre d</controlfield>
  <datafield tag="022" ind1=" " ind2=" ">
   <subfield code="a">0081-5071</subfield>
  </datafield>
  <datafield tag="035" ind1=" " ind2=" ">
   <subfield code="l">2402</subfield>
  </datafield>
  <datafield tag="040" ind1=" " ind2=" ">
   <subfield code="a">GR-PeUP</subfield>
  </datafield>
  <datafield tag="090" ind1=" " ind2=" ">
   <subfield code="a">Αλφαβητική σειρά</subfield>
  </datafield>
  <datafield tag="245" ind1="0" ind2="0">
   <subfield code="a">Στατιστική επετηρίδα της Ελλάδος</subfield>
  </datafield>
  <datafield tag="260" ind1=" " ind2=" ">
   <subfield code="a">Αθήνα :</subfield>
   <subfield code="b">Εθνική Στατιστική Υπηρεσία της Ελλάδος,</subfield>
   <subfield code="c">[19--]-</subfield>
  </datafield>
  <datafield tag="300" ind1=" " ind2=" ">
   <subfield code="a">τ. :</subfield>
   <subfield code="b">εικ.;</subfield>
   <subfield code="c">30 εκ.</subfield>
  </datafield>
  <datafield tag="310" ind1=" " ind2=" ">
   <subfield code="a">Ετήσιο</subfield>
  </datafield>
  <datafield tag="362" ind1="0" ind2=" ">
   <subfield code="a">1933-</subfield>
  </datafield>
  <datafield tag="546" ind1=" " ind2=" ">
   <subfield code="a">Ελληνική</subfield>
  </datafield>
  <datafield tag="650" ind1=" " ind2="4">
   <subfield code="a">Στατιστική</subfield>
   <subfield code="v">Περιοδικά.</subfield>
  </datafield>
  <datafield tag="852" ind1=" " ind2=" ">
   <subfield code="a">INST</subfield>
   <subfield code="b">UNIPILB</subfield>
   <subfield code="c">SERIALS</subfield>
   <subfield code="e">20051115</subfield>
   <subfield code="h">Αλφαβητική σειρά</subfield>
   <subfield code="p">48414</subfield>
   <subfield code="q">48414</subfield>
   <subfield code="t">NOLOAN</subfield>
   <subfield code="v">(Έτος)1933:</subfield>
   <subfield code="y">23</subfield>
  </datafield>
  <datafield tag="852" ind1=" " ind2=" ">
   <subfield code="a">INST</subfield>
   <subfield code="b">UNIPILB</subfield>
   <subfield code="c">SERIALS</subfield>
   <subfield code="e">20051115</subfield>
   <subfield code="h">Αλφαβητική σειρά</subfield>
   <subfield code="p">48415</subfield>
   <subfield code="q">48415</subfield>
   <subfield code="t">NOLOAN</subfield>
   <subfield code="v">(Έτη)1959/1960:</subfield>
   <subfield code="y">23</subfield>
  </datafield>
  <datafield tag="852" ind1=" " ind2=" ">
   <subfield code="a">INST</subfield>
   <subfield code="b">UNIPILB</subfield>
   <subfield code="c">SERIALS</subfield>
   <subfield code="e">20051115</subfield>
   <subfield code="h">Αλφαβητική σειρά</subfield>
   <subfield code="p">48416</subfield>
   <subfield code="q">48416</subfield>
   <subfield code="t">NOLOAN</subfield>
   <subfield code="v">(Έτος)1962:</subfield>
   <subfield code="y">23</subfield>
  </datafield>
  <datafield tag="852" ind1=" " ind2=" ">
   <subfield code="a">INST</subfield>
   <subfield code="b">UNIPILB</subfield>
   <subfield code="c">SERIALS</subfield>
   <subfield code="e">20051115</subfield>
   <subfield code="h">Αλφαβητική σειρά</subfield>
   <subfield code="p">48417</subfield>
   <subfield code="q">48417</subfield>
   <subfield code="t">NOLOAN</subfield>
   <subfield code="v">(Έτος)1964:</subfield>
   <subfield code="y">23</subfield>
  </datafield>
  <datafield tag="852" ind1=" " ind2=" ">
   <subfield code="a">INST</subfield>
   <subfield code="b">UNIPILB</subfield>
   <subfield code="c">SERIALS</subfield>
   <subfield code="e">20051115</subfield>
   <subfield code="h">Αλφαβητική σειρά</subfield>
   <subfield code="p">48418</subfield>
   <subfield code="q">48418</subfield>
   <subfield code="t">NOLOAN</subfield>
   <subfield code="v">(Έτος)1965:</subfield>
   <subfield code="y">23</subfield>
  </datafield>
  <datafield tag="852" ind1=" " ind2=" ">
   <subfield code="a">INST</subfield>
   <subfield code="b">UNIPILB</subfield>
   <subfield code="c">SERIALS</subfield>
   <subfield code="e">20051115</subfield>
   <subfield code="h">Αλφαβητική σειρά</subfield>
   <subfield code="p">48419</subfield>
   <subfield code="q">48419</subfield>
   <subfield code="t">NOLOAN</subfield>
   <subfield code="v">(Έτος)1966:</subfield>
   <subfield code="y">23</subfield>
  </datafield>
  <datafield tag="852" ind1=" " ind2=" ">
   <subfield code="a">INST</subfield>
   <subfield code="b">UNIPILB</subfield>
   <subfield code="c">SERIALS</subfield>
   <subfield code="e">20051115</subfield>
   <subfield code="h">Αλφαβητική σειρά</subfield>
   <subfield code="p">48420</subfield>
   <subfield code="q">48420</subfield>
   <subfield code="t">NOLOAN</subfield>
   <subfield code="v">(Έτος)1967:</subfield>
   <subfield code="y">23</subfield>
  </datafield>
  <datafield tag="852" ind1=" " ind2=" ">
   <subfield code="a">INST</subfield>
   <subfield code="b">UNIPILB</subfield>
   <subfield code="c">SERIALS</subfield>
   <subfield code="e">20051115</subfield>
   <subfield code="h">Αλφαβητική σειρά</subfield>
   <subfield code="p">48422</subfield>
   <subfield code="q">48422</subfield>
   <subfield code="t">NOLOAN</subfield>
   <subfield code="v">(Έτος)1968:</subfield>
   <subfield code="y">23</subfield>
  </datafield>
  <datafield tag="852" ind1=" " ind2=" ">
   <subfield code="a">INST</subfield>
   <subfield code="b">UNIPILB</subfield>
   <subfield code="c">SERIALS</subfield>
   <subfield code="e">20051115</subfield>
   <subfield code="h">Αλφαβητική σειρά</subfield>
   <subfield code="p">48423</subfield>
   <subfield code="q">48423</subfield>
   <subfield code="t">NOLOAN</subfield>
   <subfield code="v">(Έτος)1969:</subfield>
   <subfield code="y">23</subfield>
  </datafield>
  <datafield tag="852" ind1=" " ind2=" ">
   <subfield code="a">INST</subfield>
   <subfield code="b">UNIPILB</subfield>
   <subfield code="c">SERIALS</subfield>
   <subfield code="e">20051115</subfield>
   <subfield code="h">Αλφαβητική σειρά</subfield>
   <subfield code="p">48424</subfield>
   <subfield code="q">48424</subfield>
   <subfield code="t">NOLOAN</subfield>
   <subfield code="v">(Έτος)1970:</subfield>
   <subfield code="y">23</subfield>
  </datafield>
  <datafield tag="852" ind1=" " ind2=" ">
   <subfield code="a">INST</subfield>
   <subfield code="b">UNIPILB</subfield>
   <subfield code="c">SERIALS</subfield>
   <subfield code="e">20051115</subfield>
   <subfield code="h">Αλφαβητική σειρά</subfield>
   <subfield code="p">48425</subfield>
   <subfield code="q">48425</subfield>
   <subfield code="t">NOLOAN</subfield>
   <subfield code="v">(Έτος)1971:</subfield>
   <subfield code="y">23</subfield>
  </datafield>
  <datafield tag="852" ind1=" " ind2=" ">
   <subfield code="a">INST</subfield>
   <subfield code="b">UNIPILB</subfield>
   <subfield code="c">SERIALS</subfield>
   <subfield code="e">20051115</subfield>
   <subfield code="h">Αλφαβητική σειρά</subfield>
   <subfield code="p">48426</subfield>
   <subfield code="q">48426</subfield>
   <subfield code="t">NOLOAN</subfield>
   <subfield code="v">(Έτος)1972:</subfield>
   <subfield code="y">23</subfield>
  </datafield>
  <datafield tag="852" ind1=" " ind2=" ">
   <subfield code="a">INST</subfield>
   <subfield code="b">UNIPILB</subfield>
   <subfield code="c">SERIALS</subfield>
   <subfield code="e">20051115</subfield>
   <subfield code="h">Αλφαβητική σειρά</subfield>
   <subfield code="p">48427</subfield>
   <subfield code="q">48427</subfield>
   <subfield code="t">NOLOAN</subfield>
   <subfield code="v">(Έτος)1973:</subfield>
   <subfield code="y">23</subfield>
  </datafield>
  <datafield tag="852" ind1=" " ind2=" ">
   <subfield code="a">INST</subfield>
   <subfield code="b">UNIPILB</subfield>
   <subfield code="c">SERIALS</subfield>
   <subfield code="e">20051115</subfield>
   <subfield code="h">Αλφαβητική σειρά</subfield>
   <subfield code="p">48428</subfield>
   <subfield code="q">48428</subfield>
   <subfield code="t">NOLOAN</subfield>
   <subfield code="v">(Έτος)1974:</subfield>
   <subfield code="y">23</subfield>
  </datafield>
  <datafield tag="852" ind1=" " ind2=" ">
   <subfield code="a">INST</subfield>
   <subfield code="b">UNIPILB</subfield>
   <subfield code="c">SERIALS</subfield>
   <subfield code="e">20051115</subfield>
   <subfield code="h">Αλφαβητική σειρά</subfield>
   <subfield code="p">48429</subfield>
   <subfield code="q">48429</subfield>
   <subfield code="t">NOLOAN</subfield>
   <subfield code="v">(Έτος)1975:</subfield>
   <subfield code="y">23</subfield>
  </datafield>
  <datafield tag="852" ind1=" " ind2=" ">
   <subfield code="a">INST</subfield>
   <subfield code="b">UNIPILB</subfield>
   <subfield code="c">SERIALS</subfield>
   <subfield code="e">20051115</subfield>
   <subfield code="h">Αλφαβητική σειρά</subfield>
   <subfield code="p">48430</subfield>
   <subfield code="q">48430</subfield>
   <subfield code="t">NOLOAN</subfield>
   <subfield code="v">(Έτος)1976:</subfield>
   <subfield code="y">23</subfield>
  </datafield>
  <datafield tag="852" ind1=" " ind2=" ">
   <subfield code="a">INST</subfield>
   <subfield code="b">UNIPILB</subfield>
   <subfield code="c">SERIALS</subfield>
   <subfield code="e">20051115</subfield>
   <subfield code="h">Αλφαβητική σειρά</subfield>
   <subfield code="p">48431</subfield>
   <subfield code="q">48431</subfield>
   <subfield code="t">NOLOAN</subfield>
   <subfield code="v">(Έτος)1977:</subfield>
   <subfield code="y">23</subfield>
  </datafield>
  <datafield tag="852" ind1=" " ind2=" ">
   <subfield code="a">INST</subfield>
   <subfield code="b">UNIPILB</subfield>
   <subfield code="c">SERIALS</subfield>
   <subfield code="e">20051115</subfield>
   <subfield code="h">Αλφαβητική σειρά</subfield>
   <subfield code="p">48432</subfield>
   <subfield code="q">48432</subfield>
   <subfield code="t">NOLOAN</subfield>
   <subfield code="v">(Έτος)1978:</subfield>
   <subfield code="y">23</subfield>
  </datafield>
  <datafield tag="852" ind1=" " ind2=" ">
   <subfield code="a">INST</subfield>
   <subfield code="b">UNIPILB</subfield>
   <subfield code="c">SERIALS</subfield>
   <subfield code="e">20051115</subfield>
   <subfield code="h">Αλφαβητική σειρά</subfield>
   <subfield code="p">48433</subfield>
   <subfield code="q">48433</subfield>
   <subfield code="t">NOLOAN</subfield>
   <subfield code="v">(Έτος)1979:</subfield>
   <subfield code="y">23</subfield>
  </datafield>
  <datafield tag="852" ind1=" " ind2=" ">
   <subfield code="a">INST</subfield>
   <subfield code="b">UNIPILB</subfield>
   <subfield code="c">SERIALS</subfield>
   <subfield code="e">20051115</subfield>
   <subfield code="h">Αλφαβητική σειρά</subfield>
   <subfield code="p">48434</subfield>
   <subfield code="q">48434</subfield>
   <subfield code="t">NOLOAN</subfield>
   <subfield code="v">(Έτος)1980:</subfield>
   <subfield code="y">23</subfield>
  </datafield>
  <datafield tag="852" ind1=" " ind2=" ">
   <subfield code="a">INST</subfield>
   <subfield code="b">UNIPILB</subfield>
   <subfield code="c">SERIALS</subfield>
   <subfield code="e">20051115</subfield>
   <subfield code="h">Αλφαβητική σειρά</subfield>
   <subfield code="p">48435</subfield>
   <subfield code="q">48435</subfield>
   <subfield code="t">NOLOAN</subfield>
   <subfield code="v">(Έτος)1981:</subfield>
   <subfield code="y">23</subfield>
  </datafield>
  <datafield tag="852" ind1=" " ind2=" ">
   <subfield code="a">INST</subfield>
   <subfield code="b">UNIPILB</subfield>
   <subfield code="c">SERIALS</subfield>
   <subfield code="e">20051115</subfield>
   <subfield code="h">Αλφαβητική σειρά</subfield>
   <subfield code="p">48436</subfield>
   <subfield code="q">48436</subfield>
   <subfield code="t">NOLOAN</subfield>
   <subfield code="v">(Έτος)1982:</subfield>
   <subfield code="y">23</subfield>
  </datafield>
  <datafield tag="852" ind1=" " ind2=" ">
   <subfield code="a">INST</subfield>
   <subfield code="b">UNIPILB</subfield>
   <subfield code="c">SERIALS</subfield>
   <subfield code="e">20051115</subfield>
   <subfield code="h">Αλφαβητική σειρά</subfield>
   <subfield code="p">48437</subfield>
   <subfield code="q">48437</subfield>
   <subfield code="t">NOLOAN</subfield>
   <subfield code="v">(Έτος)1983:</subfield>
   <subfield code="y">23</subfield>
  </datafield>
  <datafield tag="852" ind1=" " ind2=" ">
   <subfield code="a">INST</subfield>
   <subfield code="b">UNIPILB</subfield>
   <subfield code="c">SERIALS</subfield>
   <subfield code="e">20051115</subfield>
   <subfield code="h">Αλφαβητική σειρά</subfield>
   <subfield code="p">48438</subfield>
   <subfield code="q">48438</subfield>
   <subfield code="t">NOLOAN</subfield>
   <subfield code="v">(Έτος)1984:</subfield>
   <subfield code="y">23</subfield>
  </datafield>
  <datafield tag="852" ind1=" " ind2=" ">
   <subfield code="a">INST</subfield>
   <subfield code="b">UNIPILB</subfield>
   <subfield code="c">SERIALS</subfield>
   <subfield code="e">20051115</subfield>
   <subfield code="h">Αλφαβητική σειρά</subfield>
   <subfield code="p">48439</subfield>
   <subfield code="q">48439</subfield>
   <subfield code="t">NOLOAN</subfield>
   <subfield code="v">(Έτος)1985:</subfield>
   <subfield code="y">23</subfield>
  </datafield>
  <datafield tag="852" ind1=" " ind2=" ">
   <subfield code="a">INST</subfield>
   <subfield code="b">UNIPILB</subfield>
   <subfield code="c">SERIALS</subfield>
   <subfield code="e">20051115</subfield>
   <subfield code="h">Αλφαβητική σειρά</subfield>
   <subfield code="p">48440</subfield>
   <subfield code="q">48440</subfield>
   <subfield code="t">NOLOAN</subfield>
   <subfield code="v">(Έτος)1986:</subfield>
   <subfield code="y">23</subfield>
  </datafield>
  <datafield tag="852" ind1=" " ind2=" ">
   <subfield code="a">INST</subfield>
   <subfield code="b">UNIPILB</subfield>
   <subfield code="c">SERIALS</subfield>
   <subfield code="e">20051115</subfield>
   <subfield code="h">Αλφαβητική σειρά</subfield>
   <subfield code="p">48441</subfield>
   <subfield code="q">48441</subfield>
   <subfield code="t">NOLOAN</subfield>
   <subfield code="v">(Έτος)1987:</subfield>
   <subfield code="y">23</subfield>
  </datafield>
  <datafield tag="852" ind1=" " ind2=" ">
   <subfield code="a">INST</subfield>
   <subfield code="b">UNIPILB</subfield>
   <subfield code="c">SERIALS</subfield>
   <subfield code="e">20051115</subfield>
   <subfield code="h">Αλφαβητική σειρά</subfield>
   <subfield code="p">48442</subfield>
   <subfield code="q">48442</subfield>
   <subfield code="t">NOLOAN</subfield>
   <subfield code="v">(Έτη)1990/1991:</subfield>
   <subfield code="y">23</subfield>
  </datafield>
  <datafield tag="852" ind1=" " ind2=" ">
   <subfield code="a">INST</subfield>
   <subfield code="b">UNIPILB</subfield>
   <subfield code="c">SERIALS</subfield>
   <subfield code="e">20051115</subfield>
   <subfield code="h">Αλφαβητική σειρά</subfield>
   <subfield code="p">48443</subfield>
   <subfield code="q">48443</subfield>
   <subfield code="t">NOLOAN</subfield>
   <subfield code="v">(Έτη)1992/1993:</subfield>
   <subfield code="y">23</subfield>
  </datafield>
  <datafield tag="852" ind1=" " ind2=" ">
   <subfield code="a">INST</subfield>
   <subfield code="b">UNIPILB</subfield>
   <subfield code="c">SERIALS</subfield>
   <subfield code="e">20051115</subfield>
   <subfield code="h">Αλφαβητική σειρά</subfield>
   <subfield code="p">48444</subfield>
   <subfield code="q">48444</subfield>
   <subfield code="t">NOLOAN</subfield>
   <subfield code="v">(Έτος)1996:</subfield>
   <subfield code="y">23</subfield>
  </datafield>
  <datafield tag="852" ind1=" " ind2=" ">
   <subfield code="a">INST</subfield>
   <subfield code="b">UNIPILB</subfield>
   <subfield code="c">SERIALS</subfield>
   <subfield code="e">20051115</subfield>
   <subfield code="h">Αλφαβητική σειρά</subfield>
   <subfield code="p">48445</subfield>
   <subfield code="q">48445</subfield>
   <subfield code="t">NOLOAN</subfield>
   <subfield code="v">(Έτος)2000:</subfield>
   <subfield code="y">23</subfield>
  </datafield>
  <datafield tag="852" ind1=" " ind2=" ">
   <subfield code="a">INST</subfield>
   <subfield code="b">UNIPILB</subfield>
   <subfield code="c">SERIALS</subfield>
   <subfield code="e">20051115</subfield>
   <subfield code="h">Αλφαβητική σειρά</subfield>
   <subfield code="p">48446</subfield>
   <subfield code="q">48446</subfield>
   <subfield code="t">NOLOAN</subfield>
   <subfield code="v">(Έτος)2001:</subfield>
   <subfield code="y">23</subfield>
  </datafield>
  <datafield tag="852" ind1=" " ind2=" ">
   <subfield code="a">INST</subfield>
   <subfield code="b">UNIPILB</subfield>
   <subfield code="c">SERIALS</subfield>
   <subfield code="e">20051115</subfield>
   <subfield code="h">Αλφαβητική σειρά</subfield>
   <subfield code="p">48447</subfield>
   <subfield code="q">48447</subfield>
   <subfield code="t">NOLOAN</subfield>
   <subfield code="v">(Έτος)2002:</subfield>
   <subfield code="y">23</subfield>
  </datafield>
  <datafield tag="852" ind1=" " ind2=" ">
   <subfield code="a">INST</subfield>
   <subfield code="b">UNIPILB</subfield>
   <subfield code="c">SERIALS</subfield>
   <subfield code="e">20051115</subfield>
   <subfield code="h">Αλφαβητική σειρά</subfield>
   <subfield code="p">48448</subfield>
   <subfield code="q">48448</subfield>
   <subfield code="t">NOLOAN</subfield>
   <subfield code="v">(Έτος)2003:</subfield>
   <subfield code="y">23</subfield>
  </datafield>
  <datafield tag="852" ind1=" " ind2=" ">
   <subfield code="a">INST</subfield>
   <subfield code="b">UNIPILB</subfield>
   <subfield code="c">SERIALS</subfield>
   <subfield code="e">20070612</subfield>
   <subfield code="h">Αλφαβητική σειρά</subfield>
   <subfield code="p">55929</subfield>
   <subfield code="q">55929</subfield>
   <subfield code="t">NOLOAN</subfield>
   <subfield code="v">(Έτος)2005:</subfield>
   <subfield code="y">23</subfield>
  </datafield>
  <datafield tag="852" ind1=" " ind2=" ">
   <subfield code="a">INST</subfield>
   <subfield code="b">UNIPILB</subfield>
   <subfield code="c">SERIALS</subfield>
   <subfield code="e">20090224</subfield>
   <subfield code="h">Αλφαβητική σειρά</subfield>
   <subfield code="p">63122</subfield>
   <subfield code="q">63122</subfield>
   <subfield code="t">NOLOAN</subfield>
   <subfield code="v">(Έτος)2007:</subfield>
   <subfield code="y">23</subfield>
  </datafield>
  <datafield tag="852" ind1=" " ind2=" ">
   <subfield code="a">INST</subfield>
   <subfield code="b">UNIPILB</subfield>
   <subfield code="c">SERIALS</subfield>
   <subfield code="e">20100428</subfield>
   <subfield code="h">Αλφαβητική σειρά</subfield>
   <subfield code="p">67978</subfield>
   <subfield code="q">67978</subfield>
   <subfield code="t">NOLOAN</subfield>
   <subfield code="v">(Έτος)2008:</subfield>
   <subfield code="y">23</subfield>
  </datafield>
  <datafield tag="852" ind1=" " ind2=" ">
   <subfield code="a">INST</subfield>
   <subfield code="b">UNIPILB</subfield>
   <subfield code="c">SERIALS</subfield>
   <subfield code="e">20120903</subfield>
   <subfield code="h">Αλφαβητική σειρά</subfield>
   <subfield code="p">76360</subfield>
   <subfield code="q">76360</subfield>
   <subfield code="t">NOLOAN</subfield>
   <subfield code="v">(Έτη)2009-2010:</subfield>
   <subfield code="y">23</subfield>
  </datafield>
  <datafield tag="852" ind1=" " ind2=" ">
   <subfield code="a">INST</subfield>
   <subfield code="b">UNIPILB</subfield>
   <subfield code="c">SERIALS</subfield>
   <subfield code="e">20160705</subfield>
   <subfield code="h">Αλφαβητική σειρά</subfield>
   <subfield code="p">88727</subfield>
   <subfield code="q">88727</subfield>
   <subfield code="t">NOLOAN</subfield>
   <subfield code="v">(Έτος)1998:</subfield>
   <subfield code="y">23</subfield>
  </datafield>
  <datafield tag="856" ind1="4" ind2="2">
   <subfield code="u">http://dlib.statistics.gr/portal/page/portal/ESYE/categoryyears?p_cat=10007369&amp;p_topic=10007369</subfield>
  </datafield>
  <datafield tag="900" ind1=" " ind2=" ">
   <subfield code="a">(2010)</subfield>
   <subfield code="b">Αν/μενοISS</subfield>
   <subfield code="c">23/03/2032</subfield>
  </datafield>
  <datafield tag="900" ind1=" " ind2=" ">
   <subfield code="a">(1934)</subfield>
   <subfield code="b">Οφειλόμενο</subfield>
   <subfield code="c">28/11/2005</subfield>
  </datafield>
  <datafield tag="900" ind1=" " ind2=" ">
   <subfield code="a">(1935)</subfield>
   <subfield code="b">Οφειλόμενο</subfield>
   <subfield code="c">28/11/2005</subfield>
  </datafield>
  <datafield tag="900" ind1=" " ind2=" ">
   <subfield code="a">(1936)</subfield>
   <subfield code="b">Οφειλόμενο</subfield>
   <subfield code="c">28/11/2005</subfield>
  </datafield>
  <datafield tag="900" ind1=" " ind2=" ">
   <subfield code="a">(1937)</subfield>
   <subfield code="b">Οφειλόμενο</subfield>
   <subfield code="c">28/11/2005</subfield>
  </datafield>
  <datafield tag="900" ind1=" " ind2=" ">
   <subfield code="a">(1938)</subfield>
   <subfield code="b">Οφειλόμενο</subfield>
   <subfield code="c">28/11/2005</subfield>
  </datafield>
  <datafield tag="900" ind1=" " ind2=" ">
   <subfield code="a">(1939)</subfield>
   <subfield code="b">Οφειλόμενο</subfield>
   <subfield code="c">28/11/2005</subfield>
  </datafield>
  <datafield tag="900" ind1=" " ind2=" ">
   <subfield code="a">(1940)</subfield>
   <subfield code="b">Οφειλόμενο</subfield>
   <subfield code="c">28/11/2005</subfield>
  </datafield>
  <datafield tag="900" ind1=" " ind2=" ">
   <subfield code="a">(1941)</subfield>
   <subfield code="b">Οφειλόμενο</subfield>
   <subfield code="c">28/11/2005</subfield>
  </datafield>
  <datafield tag="900" ind1=" " ind2=" ">
   <subfield code="a">(1942)</subfield>
   <subfield code="b">Οφειλόμενο</subfield>
   <subfield code="c">28/11/2005</subfield>
  </datafield>
  <datafield tag="900" ind1=" " ind2=" ">
   <subfield code="a">(1943)</subfield>
   <subfield code="b">Οφειλόμενο</subfield>
   <subfield code="c">28/11/2005</subfield>
  </datafield>
  <datafield tag="900" ind1=" " ind2=" ">
   <subfield code="a">(1944)</subfield>
   <subfield code="b">Οφειλόμενο</subfield>
   <subfield code="c">28/11/2005</subfield>
  </datafield>
  <datafield tag="900" ind1=" " ind2=" ">
   <subfield code="a">(1945)</subfield>
   <subfield code="b">Οφειλόμενο</subfield>
   <subfield code="c">28/11/2005</subfield>
  </datafield>
  <datafield tag="900" ind1=" " ind2=" ">
   <subfield code="a">(1946)</subfield>
   <subfield code="b">Οφειλόμενο</subfield>
   <subfield code="c">28/11/2005</subfield>
  </datafield>
  <datafield tag="900" ind1=" " ind2=" ">
   <subfield code="a">(1947)</subfield>
   <subfield code="b">Οφειλόμενο</subfield>
   <subfield code="c">28/11/2005</subfield>
  </datafield>
  <datafield tag="900" ind1=" " ind2=" ">
   <subfield code="a">(1948)</subfield>
   <subfield code="b">Οφειλόμενο</subfield>
   <subfield code="c">28/11/2005</subfield>
  </datafield>
  <datafield tag="900" ind1=" " ind2=" ">
   <subfield code="a">(1949)</subfield>
   <subfield code="b">Οφειλόμενο</subfield>
   <subfield code="c">28/11/2005</subfield>
  </datafield>
  <datafield tag="900" ind1=" " ind2=" ">
   <subfield code="a">(1950)</subfield>
   <subfield code="b">Οφειλόμενο</subfield>
   <subfield code="c">28/11/2005</subfield>
  </datafield>
  <datafield tag="900" ind1=" " ind2=" ">
   <subfield code="a">(1951)</subfield>
   <subfield code="b">Οφειλόμενο</subfield>
   <subfield code="c">28/11/2005</subfield>
  </datafield>
  <datafield tag="900" ind1=" " ind2=" ">
   <subfield code="a">(1952)</subfield>
   <subfield code="b">Οφειλόμενο</subfield>
   <subfield code="c">28/11/2005</subfield>
  </datafield>
  <datafield tag="900" ind1=" " ind2=" ">
   <subfield code="a">(1953)</subfield>
   <subfield code="b">Οφειλόμενο</subfield>
   <subfield code="c">28/11/2005</subfield>
  </datafield>
  <datafield tag="900" ind1=" " ind2=" ">
   <subfield code="a">(1954)</subfield>
   <subfield code="b">Οφειλόμενο</subfield>
   <subfield code="c">28/11/2005</subfield>
  </datafield>
  <datafield tag="900" ind1=" " ind2=" ">
   <subfield code="a">(1955)</subfield>
   <subfield code="b">Οφειλόμενο</subfield>
   <subfield code="c">28/11/2005</subfield>
  </datafield>
  <datafield tag="900" ind1=" " ind2=" ">
   <subfield code="a">(1956)</subfield>
   <subfield code="b">Οφειλόμενο</subfield>
   <subfield code="c">28/11/2005</subfield>
  </datafield>
  <datafield tag="900" ind1=" " ind2=" ">
   <subfield code="a">(1957)</subfield>
   <subfield code="b">Οφειλόμενο</subfield>
   <subfield code="c">28/11/2005</subfield>
  </datafield>
  <datafield tag="900" ind1=" " ind2=" ">
   <subfield code="a">(1958)</subfield>
   <subfield code="b">Οφειλόμενο</subfield>
   <subfield code="c">28/11/2005</subfield>
  </datafield>
  <datafield tag="900" ind1=" " ind2=" ">
   <subfield code="a">(1961)</subfield>
   <subfield code="b">Οφειλόμενο</subfield>
   <subfield code="c">28/11/2005</subfield>
  </datafield>
  <datafield tag="900" ind1=" " ind2=" ">
   <subfield code="a">(1963)</subfield>
   <subfield code="b">Οφειλόμενο</subfield>
   <subfield code="c">28/11/2005</subfield>
  </datafield>
  <datafield tag="900" ind1=" " ind2=" ">
   <subfield code="a">(1988)</subfield>
   <subfield code="b">Αν/μενοISS</subfield>
   <subfield code="c">25/03/2021</subfield>
  </datafield>
  <datafield tag="900" ind1=" " ind2=" ">
   <subfield code="a">(1989)</subfield>
   <subfield code="b">Αν/μενοISS</subfield>
   <subfield code="c">19/07/2021</subfield>
  </datafield>
  <datafield tag="900" ind1=" " ind2=" ">
   <subfield code="a">(1994)</subfield>
   <subfield code="b">Αν/μενοISS</subfield>
   <subfield code="c">02/10/2025</subfield>
  </datafield>
  <datafield tag="900" ind1=" " ind2=" ">
   <subfield code="a">(1995)</subfield>
   <subfield code="b">Αν/μενοISS</subfield>
   <subfield code="c">25/11/2025</subfield>
  </datafield>
  <datafield tag="900" ind1=" " ind2=" ">
   <subfield code="a">(1997)</subfield>
   <subfield code="b">Αν/μενοISS</subfield>
   <subfield code="c">26/11/2027</subfield>
  </datafield>
  <datafield tag="900" ind1=" " ind2=" ">
   <subfield code="a">(1999)</subfield>
   <subfield code="b">Αν/μενοISS</subfield>
   <subfield code="c">25/11/2029</subfield>
  </datafield>
  <datafield tag="900" ind1=" " ind2=" ">
   <subfield code="a">(2004)</subfield>
   <subfield code="b">Αν/μενοISS</subfield>
   <subfield code="c">25/11/2034</subfield>
  </datafield>
  <datafield tag="900" ind1=" " ind2=" ">
   <subfield code="a">(2006)</subfield>
   <subfield code="b">Αν/μενοISS</subfield>
   <subfield code="c">14/05/2031</subfield>
  </datafield>
  <datafield tag="900" ind1=" " ind2=" ">
   <subfield code="a">(2009)</subfield>
   <subfield code="b">Αν/μενοISS</subfield>
   <subfield code="c">21/03/2032</subfield>
  </datafield>
  <datafield tag="950" ind1=" " ind2=" ">
   <subfield code="a">01/01/1933</subfield>
   <subfield code="c">ΔΩΡΕΑ ΠΕΡΙΟΔΙΚΩΝ</subfield>
   <subfield code="d">629</subfield>
  </datafield>
  <datafield tag="951" ind1=" " ind2=" ">
   <subfield code="a">(2009 &amp; 2010)</subfield>
   <subfield code="b">Main run</subfield>
  </datafield>
  <datafield tag="951" ind1=" " ind2=" ">
   <subfield code="a">(1933) - (1933)</subfield>
   <subfield code="b">Main run</subfield>
  </datafield>
  <datafield tag="951" ind1=" " ind2=" ">
   <subfield code="a">(1959/1960)</subfield>
   <subfield code="b">Main run</subfield>
  </datafield>
  <datafield tag="951" ind1=" " ind2=" ">
   <subfield code="a">(1962)</subfield>
   <subfield code="b">Main run</subfield>
  </datafield>
  <datafield tag="951" ind1=" " ind2=" ">
   <subfield code="a">(1964) - (1987)</subfield>
   <subfield code="b">Main run</subfield>
  </datafield>
  <datafield tag="951" ind1=" " ind2=" ">
   <subfield code="a">(1990/1991)</subfield>
   <subfield code="b">Main run</subfield>
  </datafield>
  <datafield tag="951" ind1=" " ind2=" ">
   <subfield code="a">(1992/1993)</subfield>
   <subfield code="b">Main run</subfield>
  </datafield>
  <datafield tag="951" ind1=" " ind2=" ">
   <subfield code="a">(1996)</subfield>
   <subfield code="b">Main run</subfield>
  </datafield>
  <datafield tag="951" ind1=" " ind2=" ">
   <subfield code="a">2000</subfield>
   <subfield code="b">Main run</subfield>
  </datafield>
  <datafield tag="951" ind1=" " ind2=" ">
   <subfield code="a">(1998)</subfield>
   <subfield code="b">Main run</subfield>
  </datafield>
  <datafield tag="951" ind1=" " ind2=" ">
   <subfield code="a">(2000) - (2003)</subfield>
   <subfield code="b">Main run</subfield>
  </datafield>
  <datafield tag="951" ind1=" " ind2=" ">
   <subfield code="a">(2005)</subfield>
   <subfield code="b">Main run</subfield>
  </datafield>
  <datafield tag="951" ind1=" " ind2=" ">
   <subfield code="a">για το έτος 2006  (2007)</subfield>
   <subfield code="b">Main run</subfield>
  </datafield>
  <datafield tag="951" ind1=" " ind2=" ">
   <subfield code="a">(2007) - (2008)</subfield>
   <subfield code="b">Main run</subfield>
  </datafield>
 </record>
</collection>
